00444nam a2200109Ia 4500008004100000100002800041245012600069260004600195300001100241650001300252856006900265160712s9999 xx 000 0 und d aGomez, Jose Edgardo Jr. cJosé Edgardo Gomez, Jr.aBayanihan o Kanya-kanyang Lutas? Pag-unawa at Pagplano sa Bakas ng Bagyong Yolanda sa Tacloban c2015bDaluyan: Journal ng Wikang Filipino a no. 2 xFILIPINO uhttp://journals.upd.edu.ph/index.php/djwf/issue/view/473/showToc